Presidentes argentinos por mandato #2 - Estadísticas

Estadísticas generales
  • Esta prueba ha sido intentada 16 veces
  • La puntuación promedio es 16 de 22
Estadísticas de respuestas
Mandato Presidente Días % Correcto
2019-2023 Alberto Fernández 1461
85%
1989-1999 Carlos Menem 3807
85%
1976-1981 Jorge Rafael Videla 1862
85%
1946-19551973-1974 Juan Domingo Perón 3657
85%
1880-18861898-1904 Julio Argentino Roca 4383
85%
2015-2019 Mauricio Macri 1461
85%
2003-2007 Néstor Kirchner 1660
85%
1874-1880 Nicolás Avellaneda 2192
85%
1958-1962 Arturo Frondizi 1428
77%
1862-1868 Bartolomé Mitre 2192
77%
2007-2015 Cristina Fernández de Kirchner 2922
77%
1868-1874 Domingo F. Sarmiento 2191
77%
1916-19221928-1930 Hipólito Yrigoyen 2886
77%
1922-1928 Marcelo T. de Alvear 2192
77%
1983-1989 Raúl Alfonsín 2037
77%
1966-1970 Juan Carlos Onganía 1442
69%
1938-1942* Roberto M. Ortiz 1587
69%
1910-1914 Roque Sáenz Peña 1397
69%
1932-1938 Agustín P. Justo 2192
54%
1895-1898 José Evaristo Uriburu 1359
54%
1906-1910 José Figueroa Alcorta 1675
54%
1886-1890 Miguel Juárez Celman 1395
54%
No se encontraron pruebas coincidentes
Distribución de puntuación
Porcentaje de gente con cada puntuación
Porcentaje por número respondido
Historial de tus puntuaciones
No has intentado esta prueba.